WHO classification of tumours of the central nervous system (Record no. 128139)
[ view plain ]
| 000 -LEADER | |
|---|---|
| fixed length control field | 01844nam a2200373Ia 4500 |
| 245 00 - TITLE STATEMENT | |
| Title | WHO classification of tumours of the central nervous system |
| 250 ## - EDITION STATEMENT | |
| Edition statement | 4th ed. |
| 260 ## - PUBLICATION, DISTRIBUTION, ETC. (IMPRINT) | |
| Place of publication | Geneva, Switzerland : |
| Name of publisher | Distributed by WHO Press, World Health Organization, |
| Year of publication | 2007. |
| 300 ## - PHYSICAL DESCRIPTION | |
| Number of Pages | 309 p. : |
| Other physical details | ill. (chiefly col.). |
| 490 1# - SERIES STATEMENT | |
| Series statement | World Health Organization classification of tumours |
| 500 ## - GENERAL NOTE | |
| General note | "The WHO Classification of Tumors of the Central Nervous System presented in this book reflects the views of a Working Group that convened for an Editorial and Consensus Conference at the German Cancer Research (DKFZ), Heidelberg November 17-18, 2006". |
| 650 #0 - SUBJECT ADDED ENTRY--TOPICAL TERM | |
| Topical Term | Central nervous system |
| Topical Term | Central nervous system |
| 700 1# - ADDED ENTRY--PERSONAL NAME | |
| Personal name | Louis, David N. |
| 856 40 - ELECTRONIC LOCATION AND ACCESS | |
| Uniform Resource Identifier | http://site.ebrary.com/lib/rucke/Doc?id=10214529 |
No items available.
